00605nam a22002177a 4500003000500000005001700005008004100022010001000063011001000073020001800083035001100101040000900112082001600121100002400137245009200161250001000253260003700263300002900300650003600329700002200365CHAP20240507112930.0100618s2002 us a r 00010 eng d a98758 a99730 a9780387953519 a110416 cCHAP14a519.55bB781 aBrockwell, Pedro J.10aIntroduction to time series and forecastingc/por Peter J. Brockwell y Richard A. Davis a2 ed. aNew York, US. :bSpringer,c2002 a434 p. + I CD 4 3/4 plg.14aAnálisis de series de tiempo.1 aDavis, Richard A.